000 01247nam a2200277Ia 4500
003 OSt
005 20220930095012.0
006 a|||||r|||| 00| 0
007 ta
008 220926b |||||||| |||| 00| 0 hin d
024 _a66233
037 _cTheses
040 _aCRL
_cCRL
_bhin
041 _2hin
_ahin
100 _aप्रजापति, अजय कुमार, ले.
_9556885
110 _aदिल्ली विश्वविद्यालय. कला संकाय. हिन्दी विभाग
245 0 _aभक्तिकालीन कृष्णकाव्य में सामंत विरोधी मूल्य, अजय कुमार प्रजापति
246 _aBhaktikālīn kṛuṣhṇakāvya mean sāmanta virodhī mūlya, ajaya kumār prajāpati
260 _c2019
300 _a271पृ0
_ap.
_ccm.
650 _a हिन्दी साहित्य
650 _aहिन्दी कविता
700 _aदिल्ली विश्वविद्यालय. कला संकाय. हिन्दी विभाग
942 _cDIS
_2CC
999 _c888140
_d888140